000 00250nam a2200109Ia 4500
008 190216s9999||||xx |||||||||||||| ||und||
100 _aKunhiraman Nair
245 0 _aKaviyude Kalpadukal
260 _bNbs Kottayam
650 _aMalayalam
942 _cBK
999 _c25363
_d25363